| 000 | 00644ata a2200229 4500 | ||
|---|---|---|---|
| 005 | 20211207150237.0 | ||
| 008 | 150722b xxu||||| |||| 00| 0 spa d | ||
| 041 | _aEspañol | ||
| 082 | _a657 C965c | ||
| 100 |
_aCuevas Dobarganes, Francisco José _913053 |
||
| 245 | _aContabilidad y finanzas para no contadores | ||
| 260 |
_aMéxico _bLimusa _c2006 |
||
| 300 | _a194 páginas | ||
| 650 |
_aCONTABILIDAD _92655 |
||
| 650 |
_aFINANZAS _928 |
||
| 650 |
_aESTADOS FINANCIEROS _965 |
||
| 650 |
_aCOSTOS _962065 |
||
| 650 |
_aSERVICIOS _91008 |
||
| 650 |
_aANALISIS FINANCIERO _966 |
||
| 650 |
_aVARIABLES DE LA EMPRESA _913055 |
||
| 942 | _cBK | ||
| 999 |
_c6450 _d6450 |
||